Banner

La administración del siglo XXI : (Record no. 122)

MARC details
000 -LEADER
campo de control de longitud fija 00958nam a22002537a 4500
001 - NÚMERO DE CONTROL
campo de control 004018
003 - IDENTIFICADOR DE NÚMERO DE CONTROL
campo de control CoMeUDC004018
005 - FECHA Y HORA DE LA ÚLTIMA TRANSACCIÓN
campo de control 20181026183232.0
008 - DATOS DE LONGITUD FIJA--INFORMACIÓN GENERAL
campo de control de longitud fija 131125s2013 ck gr 000 0 spa d
020 ## - NÚMERO INTERNACIONAL ESTÁNDAR DEL LIBRO
Número Internacional Estándar del Libro 9789587615937
040 ## - FUENTE DE CATALOGACIÓN
Centro catalogador/agencia de origen CoMeUDC
Centro/agencia transcriptor CoMeUDC
041 0# - CÓDIGO DE IDIOMA
Código de lengua del texto/banda sonora o título independiente spa
043 ## - CÓDIGO DE ÁREA GEOGRÁFICA
Código de área geográfica s-ck---
082 04 - NÚMERO DE LA CLASIFICACIÓN DECIMAL DEWEY
Número de clasificación 658.009
Número de ítem A238
Información de edición 20
245 03 - MENCIÓN DEL TÍTULO
Título La administración del siglo XXI :
Resto del título perspectivas para el fortalecimiento de la profesión en Colombia /
Mención de responsabilidad, etc. Oscar Fernando Castellanos Domínguez... [et al.].
260 ## - PUBLICACIÓN, DISTRIBUCIÓN, ETC.
Lugar de publicación, distribución, etc. Bogotá :
Nombre del editor, distribuidor, etc. Universidad Nacional de Colombia. Vicerrectoría de Investigación,
Fecha de publicación, distribución, etc. 2013.
300 ## - DESCRIPCIÓN FÍSICA
Extensión 114 p. :
Otras características físicas il., gráficas,
Dimensiones 28 cm.
504 ## - NOTA DE BIBLIOGRAFÍA, ETC.
Nota de bibliografía, etc. Nota Incluye bibliografía.
650 14 - PUNTO DE ACCESO ADICIONAL DE MATERIA--TÉRMINO DE MATERIA
Término de materia o nombre geográfico como elemento de entrada ADMINISTRACION DE EMPRESAS COMO PROFESION
Subdivisión geográfica COLOMBIA
650 14 - PUNTO DE ACCESO ADICIONAL DE MATERIA--TÉRMINO DE MATERIA
Término de materia o nombre geográfico como elemento de entrada ADMINISTRACION DE EMPRESAS
Subdivisión general ASPECTOS MORALES Y ETICOS
Subdivisión geográfica COLOMBIA
650 14 - PUNTO DE ACCESO ADICIONAL DE MATERIA--TÉRMINO DE MATERIA
Término de materia o nombre geográfico como elemento de entrada Capital humano
Subdivisión geográfica COLOMBIA
700 1# - ENTRADA AGREGADA--NOMBRE PERSONAL
Nombre de persona Castellanos Domínguez, Oscar Fernando,
Fechas asociadas al nombre 1968-
942 ## - ELEMENTOS DE ENTRADA SECUNDARIOS (KOHA)
Fuente del sistema de clasificación o colocación Clasificación Decimal Dewey
Tipo de ítem Koha Libros
Holdings
Estatus retirado Estado de pérdida Fuente del sistema de clasificación o colocación Estado de daño No para préstamo Colección Biblioteca de origen Biblioteca actual Fecha de adquisición Fuente de adquisición Signatura topográfica completa Código de barras Visto por última vez Copia número Precio de reemplazo Tipo de ítem Koha
    Clasificación Decimal Dewey     Colección general U DE COLOMBIA - Biblioteca U DE COLOMBIA - Biblioteca 26/10/2018 Donación 658.009 A238a 004018 26/10/2018 1 26/10/2018 Libros


Biblioteca Académica Corporación Universitaria U DE COLOMBIA | Teléfono: +(57) (4) 2398080 ext. 1112 | E-mail: biblioteca@udecolombia.edu.co | Dirección: Calle 56 Nº 41 – 147 (Bolivia con Girardot)
Horario de atención: lunes a viernes 8:00 a.m. a 8:00 p.m. - sábados 8:00 a.m. a 4:00 p.m.
Implementado por Grupo EGS.

Powered by Koha